[Event "HUN-ch Rapid 2019"]
[Site "Ajka"]
[Date "2019.07.20"]
[Round "9.15"]
[White "Dankhazi, Andras"]
[Black "Kovacs, Marton"]
[Result "1/2-1/2"]
[WhiteElo "2277"]
[BlackElo "2147"]
[Annotator "NA"]
[PlyCount "217"]
[EventDate "2019.07.18"]
[EventType "swiss"]
[EventCountry "HUN"]
[SourceTitle "playchess.com"]
[Source "ChessBase"]
[SourceQuality "1"]
[TimeControl "1200+5"]

1. d4 {[%emt 0:00:03]} d5 {[%emt 0:00:02]} 2. c4 {[%emt 0:00:02]} e6 {[%emt 0:00:05]} 3. Nf3 {[%emt 0:00:01]} Nf6 {[%emt 0:00:01]} 4. g3 {[%emt 0:00:03]} c6 {[%emt 0:00:35]} 5. Bg2 {[%emt 0:00:03]} Bb4+ {[%emt 0:01:22]} 6. Bd2 {[%emt 0:00:03]} Bd6 {[%emt 0:00:23]} 7. Nc3 {[%emt 0:00:15]} O-O {[%emt 0:00:18]} 8. Bg5 {[%emt 0:00:04]} h6 {[%emt 0:00:16]} 9. Bxf6 {[%emt 0:00:12]} Qxf6 {[%emt 0:00:02]} 10. c5 {[%emt 0:00:49]} Bc7 {[%emt 0:00:13]} 11. e4 {[%emt 0:00:02]} dxe4 {[%emt 0:00:32]} 12. Nxe4 {[%emt 0:00:02]} Ba5+ {[%emt 0:01:56]} 13. Kf1 {[%emt 0:01:46]} Qe7 {[%emt 0:01:03]} 14. Ne5 {[%emt 0:01:01]} Bc7 {[%emt 0:00:44]} 15. Qc2 {[%emt 0:04:20]} Rd8 {[%emt 0:00:35]} 16. Rd1 {[%emt 0:00:06]} Na6 {[%emt 0:03:12]} 17. f4 {[%emt 0:03:10]} Nb4 {[%emt 0:01:15]} 18. Qd2 {[%emt 0:01:59]} Nd5 {[%emt 0:01:45]} 19. Nc4 {[%emt 0:03:49]} b6 {[%emt 0:02:01]} 20. Ne5 {[%emt 0:02:15]} Bb7 {[%emt 0:01:30]} 21. b4 {[%emt 0:01:15]} f6 {[%emt 0:00:32]} 22. Nc4 {[%emt 0:00:07]} Ba6 {[%emt 0:00:03]} 23. Rc1 {[%emt 0:00:03]} Rab8 {[%emt 0:01:01]} 24. Kf2 {[%emt 0:00:10]} f5 {[%emt 0:00:33]} 25. Ned6 {[%emt 0:00:06]} bxc5 {[%emt 0:00:48]} 26. bxc5 {[%emt 0:00:03]} Bxc4 {[%emt 0:00:31]} 27. Nxc4 {[%emt 0:00:01]} Nxf4 {[%emt 0:00:18]} 28. Bxc6 {[%emt 0:00:21]} Nd5 {[%emt 0:00:20]} 29. Bxd5 {[%emt 0:00:03]} Rxd5 {[%emt 0:00:04]} 30. Qe3 {[%emt 0:00:05]} f4 {[%emt 0:00:17]} 31. Qe4 {[%emt 0:00:06]} fxg3+ {[%emt 0:00:03]} 32. hxg3 {[%emt 0:00:01]} Rf8+ {[%emt 0:00:05]} 33. Kg2 {[%emt 0:00:01]} Qd7 {[%emt 0:00:06]} 34. Rhe1 {[%emt 0:00:06]} Rxd4 {[%emt 0:00:03]} 35. Qxe6+ {[%emt 0:00:01]} Qxe6 {[%emt 0:00:01]} 36. Rxe6 {[%emt 0:00:01]} Rd3 {[%emt 0:00:04]} 37. Re3 {[%emt 0:00:01]} Rd4 {[%emt 0:00:09]} 38. Rc2 {[%emt 0:00:08]} Rfd8 {[%emt 0:00:10]} 39. Kf3 {[%emt 0:00:09]} g5 {[%emt 0:00:04]} 40. Ke2 {[%emt 0:00:03]} Rg4 {[%emt 0:00:05]} 41. Rcc3 {[%emt 0:00:03]} Rdd4 {[%emt 0:00:03]} 42. Nd2 {[%emt 0:00:06]} Ra4 {[%emt 0:00:01]} 43. Nb3 {[%emt 0:00:12]} Rxa2+ {[%emt 0:00:03]} 44. Kf1 {[%emt 0:00:11]} Rb4 {[%emt 0:00:05]} 45. Re2 {[%emt 0:00:02]} Rxe2 46. Kxe2 {[%emt 0:00:01]} Rg4 {[%emt 0:00:08]} 47. Kf2 {[%emt 0:00:02]} Rb4 {[%emt 0:00:06]} 48. c6 {[%emt 0:00:03]} h5 {[%emt 0:00:06]} 49. Nc5 {[%emt 0:00:10]} h4 {[%emt 0:00:16]} 50. gxh4 {[%emt 0:00:04]} gxh4 51. Ne6 {[%emt 0:00:07]} Bb6+ {[%emt 0:00:06]} 52. Kg2 {[%emt 0:00:04]} Re4 {[%emt 0:00:09]} 53. c7 {[%emt 0:00:04]} Bxc7 {[%emt 0:00:01]} 54. Nxc7 {[%emt 0:00:01]} a5 {[%emt 0:00:05]} 55. Nd5 {[%emt 0:00:02]} Kf7 {[%emt 0:00:03]} 56. Ra3 {[%emt 0:00:04]} a4 {[%emt 0:00:02]} 57. Nb6 {[%emt 0:00:01]} Rg4+ {[%emt 0:00:07]} 58. Kh2 {[%emt 0:00:01]} Rb4 {[%emt 0:00:10]} 59. Nxa4 {[%emt 0:00:01]} Kg6 {[%emt 0:00:03]} 60. Nc5 {[%emt 0:00:01]} Kg5 {[%emt 0:00:05]} 61. Ra2 {[%emt 0:00:07]} Kg4 {[%emt 0:00:06]} 62. Rg2+ {[%emt 0:00:02]} Kh5 {[%emt 0:00:03]} 63. Nd3 {[%emt 0:00:09]} Rb3 {[%emt 0:00:04]} 64. Nf4+ {[%emt 0:00:01]} Kh6 {[%emt 0:00:02]} 65. Rg6+ {[%emt 0:00:01]} Kh7 {[%emt 0:00:01]} 66. Rg4 {[%emt 0:00:02]} h3 {[%emt 0:00:09]} 67. Nxh3 {[%emt 0:00:02]} Rb2+ {[%emt 0:00:02]} 68. Kg3 {[%emt 0:00:01]} Rb3+ {[%emt 0:00:01]} 69. Kh4 {[%emt 0:00:01]} Rb5 {[%emt 0:00:04]} 70. Ng1 {[%emt 0:00:11]} Kh6 {[%emt 0:00:06]} 71. Nf3 {[%emt 0:00:01]} Rc5 {[%emt 0:00:05]} 72. Ng5 {[%emt 0:00:05]} Rc1 {[%emt 0:00:12]} 73. Nf7+ {[%emt 0:00:01]} Kh7 {[%emt 0:00:01]} 74. Ne5 {[%emt 0:00:02]} Rc5 {[%emt 0:00:08]} 75. Re4 {[%emt 0:00:01]} Kg7 {[%emt 0:00:05]} 76. Kg5 {[%emt 0:00:01]} Ra5 {[%emt 0:00:04]} 77. Kf5 {[%emt 0:00:01]} Rb5 {[%emt 0:00:01]} 78. Ra4 {[%emt 0:00:05]} Rb1 {[%emt 0:00:08]} 79. Ra7+ {[%emt 0:00:08]} Kf8 {[%emt 0:00:14]} 80. Rc7 {[%emt 0:00:01]} Rf1+ {[%emt 0:00:05]} 81. Ke6 {[%emt 0:00:01]} Re1 {[%emt 0:00:04]} 82. Rf7+ {[%emt 0:00:32]} Ke8 {[%emt 0:00:04]} 83. Rh7 {[%emt 0:00:13]} Kf8 {[%emt 0:00:12]} 84. Ra7 {[%emt 0:00:38]} Kg8 {[%emt 0:00:04]} 85. Kf6 {[%emt 0:00:05]} Rf1+ {[%emt 0:00:02]} 86. Kg5 {[%emt 0:00:01]} Rg1+ {[%emt 0:00:01]} 87. Ng4 {[%emt 0:00:01]} Kf8 {[%emt 0:00:05]} 88. Ra4 {[%emt 0:00:06]} Ke7 {[%emt 0:00:02]} 89. Re4+ {[%emt 0:00:03]} Kd6 {[%emt 0:00:03]} 90. Rd4+ {[%emt 0:00:06]} Kc5 {[%emt 0:00:01]} 91. Rd8 {[%emt 0:00:01]} Kc6 {[%emt 0:00:03]} 92. Kf5 {[%emt 0:00:01]} Rf1+ {[%emt 0:00:02]} 93. Ke6 {[%emt 0:00:01]} Re1+ {[%emt 0:00:01]} 94. Ne5+ {[%emt 0:00:01]} Kc5 {[%emt 0:00:06]} 95. Rd5+ {[%emt 0:00:05]} Kb4 {[%emt 0:00:06]} 96. Kd6 {[%emt 0:00:01]} Rh1 {[%emt 0:00:09]} 97. Nc6+ {[%emt 0:00:04]} Kc4 {[%emt 0:00:03]} 98. Rd4+ {[%emt 0:00:05]} Kc3 {[%emt 0:00:02]} 99. Rg4 {[%emt 0:00:04]} Rh6+ {[%emt 0:00:02]} 100. Kd5 {[%emt 0:00:01]} Rh5+ {[%emt 0:00:01]} 101. Ne5 {[%emt 0:00:01]} Kd2 {[%emt 0:00:09]} 102. Kd4 {[%emt 0:00:01]} Rh8 {[%emt 0:00:04]} 103. Rg2+ {[%emt 0:00:02]} Kd1 {[%emt 0:00:07]} 104. Ke3 {[%emt 0:00:10]} Re8 {[%emt 0:00:10]} 105. Ke4 {[%emt 0:00:04]} Rh8 {[%emt 0:00:06]} 106. Nf3 {[%emt 0:00:01]} Re8+ {[%emt 0:00:02]} 107. Kd3 {[%emt 0:00:01]} Rd8+ {[%emt 0:00:01]} 108. Nd4 {[%emt 0:00:02]} Ke1 {[%emt 0:00:08]} 109. Ke4 1/2-1/2

[Event "HUN-ch Rapid 2019"]
[Site "Ajka"]
[Date "2019.07.20"]
[Round "9.16"]
[White "Haszon, David"]
[Black "Hoang, Thanh Trang"]
[Result "0-1"]
[WhiteElo "2279"]
[BlackElo "2414"]
[Annotator "NA"]
[PlyCount "50"]
[EventDate "2019.07.18"]
[EventType "swiss"]
[EventCountry "HUN"]
[SourceTitle "playchess.com"]
[Source "ChessBase"]
[SourceQuality "1"]
[TimeControl "1200+5"]

1. d4 {[%emt 0:00:04]} f5 {[%emt 0:00:04]} 2. Nc3 {[%emt 0:00:07]} Nf6 {[%emt 0:00:05]} 3. Bg5 {[%emt 0:00:18]} d5 {[%emt 0:00:03]} 4. e3 {[%emt 0:00:10]} e6 {[%emt 0:00:43]} 5. Nf3 {[%emt 0:00:35]} h6 {[%emt 0:00:32]} 6. Bxf6 {[%emt 0:00:22]} Qxf6 {[%emt 0:00:07]} 7. Ne5 {[%emt 0:00:49]} g6 {[%emt 0:00:32]} 8. Nb5 {[%emt 0:00:41]} Rh7 {[%emt 0:01:01]} 9. c4 {[%emt 0:01:12]} c6 {[%emt 0:00:09]} 10. Nc3 {[%emt 0:00:08]} Nd7 {[%emt 0:00:41]} 11. Nxd7 {[%emt 0:00:56]} Bxd7 {[%emt 0:00:08]} 12. Qb3 {[%emt 0:00:21]} O-O-O {[%emt 0:01:11]} 13. a4 {[%emt 0:00:49]} f4 {[%emt 0:01:24]} 14. Be2 {[%emt 0:00:34]} fxe3 {[%emt 0:00:21]} 15. fxe3 {[%emt 0:00:10]} e5 {[%emt 0:00:24]} 16. O-O-O {[%emt 0:03:01]} Qg5 {[%emt 0:04:19]} 17. cxd5 {[%emt 0:03:42]} Qxe3+ {[%emt 0:00:11]} 18. Kb1 {[%emt 0:00:12]} exd4 {[%emt 0:00:19]} 19. dxc6 {[%emt 0:00:13]} Bxc6 {[%emt 0:01:50]} 20. Bg4+ {[%emt 0:00:06]} Kb8 {[%emt 0:00:28]} 21. Rhe1 {[%emt 0:00:57]} Qg5 {[%emt 0:00:10]} 22. Be2 {[%emt 0:03:46]} dxc3 {[%emt 0:00:18]} 23. Bb5 {[%emt 0:00:30]} Bxb5 {[%emt 0:01:06]} 24. Rxd8+ {[%emt 0:00:25]} Qxd8 {[%emt 0:00:04]} 25. Qxb5 {[%emt 0:00:06]} Re7 {[%emt 0:00:08]} 0-1

[Event "HUN-ch Rapid 2019"]
[Site "Ajka"]
[Date "2019.07.20"]
[Round "9.17"]
[White "Gelle, Istvan"]
[Black "Csiszar, Csaba"]
[Result "1-0"]
[WhiteElo "2325"]
[BlackElo "2432"]
[Annotator "NA"]
[PlyCount "83"]
[EventDate "2019.07.18"]
[EventType "swiss"]
[EventCountry "HUN"]
[SourceTitle "playchess.com"]
[Source "ChessBase"]
[SourceQuality "1"]
[TimeControl "1200+5"]

1. d4 {[%emt 0:00:01]} Nf6 {[%emt 0:00:01]} 2. Bf4 {[%emt 0:00:02]} e6 {[%emt 0:00:03]} 3. e3 {[%emt 0:00:02]} c5 {[%emt 0:00:03]} 4. c3 {[%emt 0:00:02]} b6 {[%emt 0:00:05]} 5. Nd2 {[%emt 0:00:03]} cxd4 {[%emt 0:00:20]} 6. exd4 {[%emt 0:00:03]} a6 {[%emt 0:01:01]} 7. a4 {[%emt 0:00:13]} Bb7 {[%emt 0:00:10]} 8. Ngf3 {[%emt 0:00:04]} Be7 {[%emt 0:00:06]} 9. h3 {[%emt 0:00:02]} d6 {[%emt 0:00:03]} 10. Be2 {[%emt 0:00:20]} O-O {[%emt 0:00:06]} 11. O-O {[%emt 0:00:03]} Nbd7 {[%emt 0:00:01]} 12. Bh2 {[%emt 0:00:06]} Re8 {[%emt 0:00:08]} 13. Re1 {[%emt 0:00:23]} Qc7 {[%emt 0:00:02]} 14. Qb3 {[%emt 0:00:23]} Rac8 {[%emt 0:00:33]} 15. c4 {[%emt 0:01:21]} a5 {[%emt 0:00:03]} 16. Rac1 {[%emt 0:01:22]} Bf8 {[%emt 0:01:10]} 17. Nb1 {[%emt 0:00:41]} Ba6 {[%emt 0:00:46]} 18. Na3 {[%emt 0:00:20]} Qb8 {[%emt 0:03:07]} 19. Nb5 {[%emt 0:00:43]} e5 {[%emt 0:00:08]} 20. c5 {[%emt 0:03:29]} bxc5 {[%emt 0:00:13]} 21. Bc4 {[%emt 0:00:26]} d5 {[%emt 0:00:31]} 22. Bxd5 {[%emt 0:01:33]} Nxd5 {[%emt 0:00:01]} 23. Qxd5 {[%emt 0:00:01]} Bxb5 {[%emt 0:03:54]} 24. axb5 {[%emt 0:00:38]} Qxb5 {[%emt 0:00:19]} 25. dxe5 {[%emt 0:00:54]} Nb6 {[%emt 0:00:10]} 26. Qa2 {[%emt 0:00:48]} c4 {[%emt 0:00:57]} 27. Red1 {[%emt 0:02:16]} Bb4 {[%emt 0:00:16]} 28. Nd4 {[%emt 0:00:33]} Qd7 {[%emt 0:00:39]} 29. Kh1 {[%emt 0:00:38]} Red8 {[%emt 0:00:15]} 30. Qb1 {[%emt 0:00:23]} g6 {[%emt 0:00:50]} 31. f4 {[%emt 0:00:14]} Nd5 {[%emt 0:00:20]} 32. Qe4 {[%emt 0:00:37]} Ne7 {[%emt 0:00:41]} 33. e6 {[%emt 0:00:33]} fxe6 {[%emt 0:01:40]} 34. Nxe6 {[%emt 0:00:06]} Qxd1+ {[%emt 0:00:04]} 35. Rxd1 {[%emt 0:00:01]} Rxd1+ {[%emt 0:00:01]} 36. Bg1 {[%emt 0:00:01]} Nf5 {[%emt 0:00:32]} 37. Qe5 {[%emt 0:01:46]} Re1 {[%emt 0:02:44]} 38. Qd5 {[%emt 0:00:49]} Ne7 {[%emt 0:00:35]} 39. Qd7 {[%emt 0:00:22]} h6 {[%emt 0:00:20]} 40. Kh2 {[%emt 0:00:02]} Kf7 {[%emt 0:00:07]} 41. Nd8+ {[%emt 0:00:11]} Kf8 {[%emt 0:00:09]} 42. Bd4 {[%emt 0:00:15]} 1-0

[Event "HUN-ch Rapid 2019"]
[Site "Ajka"]
[Date "2019.07.20"]
[Round "9.18"]
[White "Egresi, Mate"]
[Black "Borhy, Marcell"]
[Result "1/2-1/2"]
[WhiteElo "2341"]
[BlackElo "2382"]
[Annotator "NA"]
[PlyCount "110"]
[EventDate "2019.07.18"]
[EventType "swiss"]
[EventCountry "HUN"]
[SourceTitle "playchess.com"]
[Source "ChessBase"]
[SourceQuality "1"]
[TimeControl "1200+5"]

1. d4 {[%emt 0:00:08]} d6 {[%emt 0:00:03]} 2. Nf3 {[%emt 0:00:50]} Nf6 {[%emt 0:00:02]} 3. c4 {[%emt 0:00:02]} Nbd7 {[%emt 0:00:02]} 4. Nc3 {[%emt 0:00:01]} e5 {[%emt 0:00:01]} 5. e4 {[%emt 0:00:01]} Be7 {[%emt 0:00:13]} 6. Be2 {[%emt 0:00:02]} O-O {[%emt 0:00:08]} 7. O-O {[%emt 0:00:02]} c6 {[%emt 0:00:14]} 8. d5 {[%emt 0:00:02]} cxd5 {[%emt 0:00:22]} 9. cxd5 {[%emt 0:00:03]} a6 {[%emt 0:00:20]} 10. Be3 {[%emt 0:01:31]} b5 {[%emt 0:00:06]} 11. a4 {[%emt 0:00:11]} b4 {[%emt 0:00:12]} 12. Na2 {[%emt 0:00:02]} a5 {[%emt 0:00:16]} 13. Nd2 {[%emt 0:00:28]} Nb6 {[%emt 0:00:57]} 14. Bb5 {[%emt 0:00:34]} Bd7 {[%emt 0:00:18]} 15. Bxd7 {[%emt 0:00:09]} Nfxd7 {[%emt 0:00:03]} 16. Nc1 {[%emt 0:00:30]} Bg5 {[%emt 0:00:05]} 17. Ncb3 {[%emt 0:02:02]} Bxe3 {[%emt 0:00:32]} 18. fxe3 {[%emt 0:00:01]} Qc7 {[%emt 0:01:29]} 19. Qe2 {[%emt 0:00:03]} Rfc8 {[%emt 0:01:30]} 20. Rfc1 {[%emt 0:00:15]} Qa7 {[%emt 0:01:00]} 21. Qb5 {[%emt 0:00:26]} Rxc1+ {[%emt 0:02:34]} 22. Rxc1 {[%emt 0:00:04]} Kf8 {[%emt 0:00:03]} 23. Kf2 {[%emt 0:01:54]} Ke7 {[%emt 0:00:32]} 24. Nc4 {[%emt 0:00:17]} Nxc4 {[%emt 0:02:00]} 25. Rxc4 {[%emt 0:00:02]} Qa6 {[%emt 0:00:30]} 26. Qxa6 {[%emt 0:02:02]} Rxa6 {[%emt 0:00:01]} 27. Rc6 {[%emt 0:00:01]} Rxc6 {[%emt 0:00:40]} 28. dxc6 {[%emt 0:00:02]} Nc5 {[%emt 0:00:03]} 29. Nxa5 {[%emt 0:00:24]} Nd3+ {[%emt 0:00:44]} 30. Ke2 {[%emt 0:01:36]} Nxb2 {[%emt 0:00:02]} 31. Kd2 {[%emt 0:00:10]} Nxa4 {[%emt 0:00:27]} 32. Kd3 {[%emt 0:00:02]} Nc5+ {[%emt 0:01:47]} 33. Kc4 {[%emt 0:00:05]} Kd8 {[%emt 0:00:10]} 34. Kd5 {[%emt 0:02:32]} Kc7 {[%emt 0:00:57]} 35. Nc4 {[%emt 0:00:01]} Nxe4 {[%emt 0:02:36]} 36. Kxe4 {[%emt 0:00:03]} Kxc6 {[%emt 0:00:43]} 37. Kd3 {[%emt 0:03:35]} f5 {[%emt 0:00:13]} 38. Kc2 {[%emt 0:00:49]} Kc5 {[%emt 0:00:40]} 39. Kb3 {[%emt 0:00:06]} g5 {[%emt 0:00:08]} 40. Na5 {[%emt 0:00:30]} f4 {[%emt 0:00:14]} 41. exf4 {[%emt 0:00:45]} gxf4 {[%emt 0:00:03]} 42. Nb7+ {[%emt 0:00:01]} Kd4 {[%emt 0:00:18]} 43. Nxd6 {[%emt 0:00:12]} e4 {[%emt 0:00:01]} 44. Kxb4 {[%emt 0:00:28]} f3 {[%emt 0:00:05]} 45. gxf3 {[%emt 0:00:06]} exf3 {[%emt 0:00:01]} 46. Nf5+ {[%emt 0:00:04]} Ke4 {[%emt 0:00:05]} 47. Ng3+ {[%emt 0:00:02]} Ke3 {[%emt 0:00:04]} 48. h4 {[%emt 0:00:30]} Kf2 {[%emt 0:00:13]} 49. Nf5 {[%emt 0:00:07]} Kg2 {[%emt 0:00:02]} 50. Kc3 {[%emt 0:00:10]} f2 {[%emt 0:00:01]} 51. Ne3+ {[%emt 0:00:01]} Kg3 {[%emt 0:00:04]} 52. h5 {[%emt 0:00:05]} Kh4 {[%emt 0:00:02]} 53. h6 {[%emt 0:00:06]} Kg5 {[%emt 0:00:01]} 54. Kd3 {[%emt 0:00:02]} Kxh6 {[%emt 0:00:02]} 55. Ng4+ {[%emt 0:00:01]} Kg5 {[%emt 0:00:01]} 1/2-1/2

[Event "HUN-ch Rapid 2019"]
[Site "Ajka"]
[Date "2019.07.20"]
[Round "9.19"]
[White "Deak, Sandor"]
[Black "Forgacs, Attila Jr."]
[Result "1/2-1/2"]
[WhiteElo "2279"]
[BlackElo "1706"]
[Annotator "NA"]
[PlyCount "84"]
[EventDate "2019.07.18"]
[EventType "swiss"]
[EventCountry "HUN"]
[SourceTitle "playchess.com"]
[Source "ChessBase"]
[SourceQuality "1"]
[TimeControl "1200+5"]

1. d4 {[%emt 0:00:03]} Nf6 {[%emt 0:00:01]} 2. c4 {[%emt 0:00:00]} d6 {[%emt 0:00:02]} 3. Nc3 {[%emt 0:00:02]} Nbd7 {[%emt 0:00:01]} 4. e4 {[%emt 0:00:36]} e5 {[%emt 0:00:02]} 5. Nf3 {[%emt 0:00:21]} g6 {[%emt 0:00:02]} 6. g3 {[%emt 0:00:16]} Bg7 {[%emt 0:00:02]} 7. Bg2 {[%emt 0:00:00]} O-O {[%emt 0:00:05]} 8. O-O {[%emt 0:00:02]} exd4 {[%emt 0:00:02]} 9. Nxd4 {[%emt 0:00:00]} Re8 {[%emt 0:00:01]} 10. Re1 {[%emt 0:00:09]} a6 {[%emt 0:00:03]} 11. h3 {[%emt 0:00:11]} Rb8 {[%emt 0:00:01]} 12. Bg5 {[%emt 0:00:20]} h6 {[%emt 0:00:03]} 13. Be3 {[%emt 0:00:00]} Ne5 {[%emt 0:00:09]} 14. b3 {[%emt 0:00:03]} c5 {[%emt 0:00:03]} 15. Nde2 {[%emt 0:00:02]} b5 {[%emt 0:00:08]} 16. cxb5 {[%emt 0:00:02]} axb5 {[%emt 0:00:05]} 17. Nf4 {[%emt 0:01:31]} b4 {[%emt 0:01:24]} 18. Ncd5 {[%emt 0:00:02]} Nxd5 {[%emt 0:00:04]} 19. Nxd5 {[%emt 0:00:02]} c4 {[%emt 0:00:41]} 20. bxc4 {[%emt 0:00:15]} Nxc4 {[%emt 0:00:04]} 21. Bd4 {[%emt 0:00:01]} Bxd4 {[%emt 0:01:13]} 22. Qxd4 {[%emt 0:00:02]} Ne5 {[%emt 0:00:27]} 23. f4 {[%emt 0:00:06]} Nd7 {[%emt 0:00:36]} 24. Nxb4 {[%emt 0:03:41]} Qb6 {[%emt 0:01:33]} 25. Qxb6 {[%emt 0:00:03]} Rxb6 {[%emt 0:00:08]} 26. Nd5 {[%emt 0:00:14]} Rb2 {[%emt 0:00:19]} 27. Reb1 {[%emt 0:00:27]} Rc2 {[%emt 0:00:18]} 28. Rc1 {[%emt 0:00:07]} Rxc1+ {[%emt 0:00:09]} 29. Rxc1 {[%emt 0:00:01]} Bb7 {[%emt 0:00:09]} 30. Rc7 {[%emt 0:06:43]} Bxd5 {[%emt 0:00:02]} 31. Rxd7 {[%emt 0:03:32]} Bxe4 {[%emt 0:00:03]} 32. Bxe4 {[%emt 0:00:07]} Rxe4 {[%emt 0:00:01]} 33. Rxd6 {[%emt 0:00:00]} Ra4 {[%emt 0:00:09]} 34. Rd2 {[%emt 0:00:03]} Kg7 {[%emt 0:00:02]} 35. Kf2 {[%emt 0:00:02]} Ra3 {[%emt 0:00:02]} 36. Kg2 {[%emt 0:00:12]} Kf6 {[%emt 0:00:03]} 37. Kh2 {[%emt 0:00:02]} Ke6 {[%emt 0:00:12]} 38. Rg2 {[%emt 0:00:09]} Kf5 {[%emt 0:00:08]} 39. Re2 {[%emt 0:00:17]} h5 {[%emt 0:00:22]} 40. Re5+ {[%emt 0:00:46]} Kf6 {[%emt 0:00:02]} 41. Re2 {[%emt 0:00:56]} Kf5 {[%emt 0:00:01]} 42. Re5+ {[%emt 0:00:30]} Kf6 {[%emt 0:00:01]} 1/2-1/2

[Event "HUN-ch Rapid 2019"]
[Site "Ajka"]
[Date "2019.07.20"]
[Round "9.20"]
[White "Balint, Vilmos"]
[Black "Nemeth, Zoltan"]
[Result "1/2-1/2"]
[WhiteElo "2203"]
[BlackElo "2275"]
[Annotator "NA"]
[PlyCount "160"]
[EventDate "2019.07.18"]
[EventType "swiss"]
[EventCountry "HUN"]
[SourceTitle "playchess.com"]
[Source "ChessBase"]
[SourceQuality "1"]
[TimeControl "1200+5"]

1. Nf3 {[%emt 0:00:03]} Nf6 {[%emt 0:00:08]} 2. g3 {[%emt 0:00:01]} b6 {[%emt 0:00:00]} 3. Bg2 {[%emt 0:00:04]} Bb7 {[%emt 0:00:01]} 4. c4 {[%emt 0:00:04]} g6 {[%emt 0:00:03]} 5. d4 {[%emt 0:00:07]} Bg7 {[%emt 0:00:02]} 6. O-O {[%emt 0:00:03]} O-O {[%emt 0:00:01]} 7. Nc3 {[%emt 0:00:02]} Ne4 {[%emt 0:00:04]} 8. Bd2 {[%emt 0:00:07]} d6 {[%emt 0:00:21]} 9. Rc1 {[%emt 0:00:56]} Nd7 {[%emt 0:00:10]} 10. Be1 {[%emt 0:00:50]} Nxc3 {[%emt 0:00:15]} 11. Bxc3 {[%emt 0:00:04]} Be4 {[%emt 0:01:34]} 12. Bh3 {[%emt 0:00:44]} Bxf3 {[%emt 0:01:58]} 13. exf3 {[%emt 0:00:02]} c5 {[%emt 0:00:06]} 14. f4 {[%emt 0:03:12]} cxd4 {[%emt 0:00:10]} 15. Bxd4 {[%emt 0:00:01]} Bxd4 {[%emt 0:00:01]} 16. Qxd4 {[%emt 0:00:02]} Rc8 {[%emt 0:00:07]} 17. Rfe1 {[%emt 0:00:18]} Rc7 {[%emt 0:00:21]} 18. Rc3 {[%emt 0:00:18]} Nf6 {[%emt 0:01:08]} 19. Rce3 {[%emt 0:00:28]} e5 {[%emt 0:02:43]} 20. fxe5 {[%emt 0:00:24]} dxe5 {[%emt 0:00:01]} 21. Qh4 {[%emt 0:01:24]} e4 {[%emt 0:01:07]} 22. b3 {[%emt 0:00:19]} Kg7 {[%emt 0:00:54]} 23. Bg2 {[%emt 0:00:30]} Re7 {[%emt 0:00:17]} 24. Bxe4 {[%emt 0:05:11]} Rfe8 {[%emt 0:00:34]} 25. Bf3 {[%emt 0:00:16]} Rxe3 {[%emt 0:00:06]} 26. Rxe3 {[%emt 0:00:02]} Rxe3 {[%emt 0:00:01]} 27. fxe3 {[%emt 0:00:01]} Qd2 {[%emt 0:00:06]} 28. Qd4 {[%emt 0:00:02]} Qxa2 {[%emt 0:00:05]} 29. g4 {[%emt 0:00:53]} h6 {[%emt 0:02:25]} 30. h4 {[%emt 0:00:15]} g5 {[%emt 0:01:34]} 31. hxg5 {[%emt 0:00:22]} hxg5 {[%emt 0:00:01]} 32. Qe5 {[%emt 0:01:01]} Qa5 {[%emt 0:00:45]} 33. Qd4 {[%emt 0:02:47]} Qc5 {[%emt 0:00:35]} 34. Kg2 {[%emt 0:00:09]} a5 {[%emt 0:00:01]} 35. Qc3 {[%emt 0:00:16]} Qd6 {[%emt 0:00:16]} 36. e4 {[%emt 0:00:11]} Qe6 {[%emt 0:00:53]} 37. Qe3 {[%emt 0:00:11]} Kh6 {[%emt 0:00:13]} 38. Kh3 {[%emt 0:00:19]} Nd7 {[%emt 0:00:01]} 39. Qd4 {[%emt 0:00:14]} f6 {[%emt 0:01:19]} 40. Bd1 {[%emt 0:00:24]} Ne5 {[%emt 0:00:08]} 41. Qd8 {[%emt 0:00:18]} Ng6 {[%emt 0:00:03]} 42. Qd4 {[%emt 0:00:12]} Qe5 {[%emt 0:00:15]} 43. Qxe5 {[%emt 0:00:19]} fxe5 {[%emt 0:00:02]} 44. Kg3 {[%emt 0:00:03]} Kg7 {[%emt 0:00:09]} 45. Kf3 {[%emt 0:00:01]} Kf6 {[%emt 0:00:01]} 46. Ke3 {[%emt 0:00:00]} Ke7 {[%emt 0:00:01]} 47. Kd3 {[%emt 0:00:00]} Kd6 {[%emt 0:00:00]} 48. Kc3 {[%emt 0:00:02]} Kc5 {[%emt 0:00:01]} 49. Be2 {[%emt 0:00:05]} Ne7 {[%emt 0:00:39]} 50. Bf1 {[%emt 0:00:04]} Nc8 {[%emt 0:00:01]} 51. Bd3 {[%emt 0:00:03]} Nd6 {[%emt 0:00:01]} 52. Bc2 {[%emt 0:00:00]} b5 {[%emt 0:00:01]} 53. cxb5 {[%emt 0:00:03]} Nxb5+ {[%emt 0:00:01]} 54. Kb2 {[%emt 0:00:36]} Kb4 {[%emt 0:00:01]} 55. Bd3 {[%emt 0:00:02]} Nd4 56. Bc2 Nf3 {[%emt 0:01:27]} 57. Bd1 {[%emt 0:00:05]} Nd4 {[%emt 0:00:47]} 58. Bc2 {[%emt 0:00:01]} Kc5 {[%emt 0:00:08]} 59. Bd3 {[%emt 0:00:05]} Nc6 {[%emt 0:00:12]} 60. Kc3 {[%emt 0:00:03]} Nd4 {[%emt 0:00:16]} 61. Bc4 {[%emt 0:00:02]} Nf3 {[%emt 0:00:12]} 62. Be2 {[%emt 0:00:03]} Nh4 {[%emt 0:00:03]} 63. Bc4 {[%emt 0:00:04]} Ng6 {[%emt 0:00:06]} 64. Bf1 {[%emt 0:00:06]} Ne7 {[%emt 0:00:01]} 65. Bc4 {[%emt 0:00:01]} Nc6 {[%emt 0:00:01]} 66. Bf1 {[%emt 0:00:05]} Na7 {[%emt 0:00:01]} 67. Bd3 {[%emt 0:00:01]} Nb5+ {[%emt 0:00:00]} 68. Bxb5 {[%emt 0:00:19]} Kxb5 {[%emt 0:00:01]} 69. Kc2 {[%emt 0:00:08]} Kc6 {[%emt 0:00:25]} 70. Kd3 {[%emt 0:00:05]} Kb5 {[%emt 0:00:08]} 71. Kc3 {[%emt 0:00:01]} Kc5 {[%emt 0:00:01]} 72. Kd3 {[%emt 0:00:02]} Kb4 {[%emt 0:00:09]} 73. Kc2 {[%emt 0:00:01]} Kb5 {[%emt 0:00:08]} 74. Kc3 {[%emt 0:00:01]} Kc5 {[%emt 0:00:01]} 75. Kd3 {[%emt 0:00:00]} Kb5 {[%emt 0:00:08]} 76. Kc3 {[%emt 0:00:02]} Kc5 {[%emt 0:00:02]} 77. Kd3 {[%emt 0:00:00]} Kb4 {[%emt 0:00:07]} 78. Kc2 {[%emt 0:00:01]} Kc5 {[%emt 0:00:07]} 79. Kd3 {[%emt 0:00:04]} Kb5 {[%emt 0:00:01]} 80. Kc3 {[%emt 0:00:00]} Kc5 {[%emt 0:00:05]} 1/2-1/2

[Event "HUN-ch Rapid 2019"]
[Site "Ajka"]
[Date "2019.07.21"]
[Round "10.1"]
[White "Almasi, Zoltan"]
[Black "Horvath, Adam"]
[Result "1-0"]
[WhiteElo "2687"]
[BlackElo "2517"]
[Annotator "TA"]
[PlyCount "35"]
[EventDate "2019.07.18"]
[EventType "swiss"]
[EventCountry "HUN"]
[SourceTitle "playchess.com"]
[Source "ChessBase"]
[SourceQuality "1"]

{[%evp 9,35,74,270,259,320,270,266,223,197,163,274,265,437,422,528,533,867,842,997,1037,1591,1531,1797,1756,1665,1623,1593,1542]} 1. d4 Nf6 2. Nf3 b6 3. c4 d5 (3... Bb7 4. g3 g6 5. Bg2 Bg7 6. O-O O-O 7. Qc2 e6 8. Nc3 d5 9. Ne5 c6 10. Rd1 Nbd7 11. e4 dxe4 12. Nxe4 Nxe4 13. Bxe4 Qc7 14. Nxd7 Qxd7 15. Be3 {1-0 (47) Xiong,J (2672)-Mamedyarov,S (2817) chess.com INT 2019}) 4. cxd5 Qxd5 5. Nc3 Qh5 $146 (5... Qb7 $16) ({Predecessor:} 5... Qa5 6. Bd2 e6 7. a3 b5 8. Nd5 Qxd2+ 9. Qxd2 Nxd5 10. e4 Nb6 11. Bxb5+ {1-0 (26) Pesusic,B (2018)-Smodlaka,A (1792) Zadar 2016}) 6. e4 $18 {A47: 1 d4 Nf6 2 Nf3 b6: Torre, London and Colle Systems} Bb7 7. Nb5 Na6 8. Qa4 {Threatens to win with Nd6+.White has a decisive advantage.} c6 9. Nc3 b5 {[#]} (9... Qa5 {might work better.}) 10. Nxb5 $1 {[%mdl 512]} Nxe4 $2 (10... Nd7 {was worth a try.} 11. Be2 cxb5 12. Bxb5 {[%mdl 64] Double Attack} Rd8) (10... cxb5 11. Bxb5+) 11. Nc3 {White is clearly winning.} Nxc3 12. bxc3 Nb8 13. Rb1 Bc8 14. Ne5 f6 {[#]} 15. Rxb8 $1 {[%mdl 576] Remove Defender} Rxb8 16. Qxc6+ Kd8 17. Qd5+ Kc7 18. Qc5+ {[%mdl 64] Double Attack} 1-0